山手線の駅がある区サドンデス - Statistics

General Stats
  • This quiz has been taken 223 times
  • The average score is 4 of 9
Answers on the Grid
Answers color-coded by a green-red scale on the quiz's grid according to % correct below.
千代田区
中央区
港区
新宿区
文京区
台東区
墨田区
江東区
品川区
目黒区
大田区
世田谷区
渋谷区
中野区
杉並区
豊島区
北区
荒川区
板橋区
練馬区
足立区
葛飾区
江戸川区
 
Answer Stats
Answer % Correct
千代田区
79%
新宿区
74%
港区
57%
渋谷区
48%
品川区
47%
台東区
44%
豊島区
44%
荒川区
25%
北区
23%
No matching quizzes found
Score Distribution
Percent of People with Each Score
Percentile by Number Answered
Your Score History
You have not taken this quiz